MDQL
is popping MORE tags! Check the
thread
!
Quizzes
Events
Quiz Creation
Community
Videos
Private Events
Remove Ads
Sign In
Join for FREE
Feedback
Dark Mode
Quiz Categories
Sports
Geography
Music
Movies
Television
Just For Fun
Miscellaneous
History
Literature
Language
Science
Gaming
Entertainment
Religion
Holiday
For Kids
Quiz Lab
Recent
Popular Today
Quiz Kudos Today
Editor Picks
Curator Picks
Quizzes by...
Day
Popularity
Type
Ratings
Length
Year
Community
Subscriptions
Recent Discussions
Orange Saloon
Badges
Playlists
Quests
Create
Leaderboards
Showdown
Live 5
Trivia Bingo
Activity
Puzzle Library
Sporcle Events
Private Events
Virtual Trivia
Globe League
Become a Host
Pub Owners
SporcleCon
Opinionation
Our Games
Videos
Blog
Mobile Apps
Partnerships
Remove Ads and Go Orange
Feedback
Geography
Country
Landmarks
City
State
Population
World
Capital
Continent
Flags
Europe
Africa
Asia
South America
North America
Oceania
Border
Canada
United Kingdom
Topography
United States
Geography
Country
Landmarks
City
State
Population
World
Capital
Continent
Flags
Europe
Africa
Asia
South America
North America
Oceania
Border
Canada
United Kingdom
Topography
United States
Random Quiz
Search Sporcle
×
Quiz Lab
Quiz Lab
Geography
US Counties
Type in answers that appear in a list
Type in answers that appear in a list
Classic
Best Score? Go Orange.
Most Popular United States County Names Stats
Can you name the most popular county names of the United States?
By
pelotek
8m
30 Questions
139 Plays
139 Plays
139 Plays
Comments
Comments
Give Quiz Kudos
Give Quiz Kudos
-
- Ratings
hide this ad
More Info
Replay
Link that replays current quiz
Next Quiz
Link to next quiz in quiz playlist
You Got
0%
They Got
Avg Score
49%
Avg Friend Score
Upgrade to see
Score Distribution
Jump to the score distribution portion of the page
Score
0/30
Timer
08:00
0
Plays Today
Number of States With County
County Name
% Correct
30
Washington
95%
26
Jefferson
88.5%
12
Adams
86.3%
24
Jackson
84.9%
24
Lincoln
84.9%
20
Madison
81.3%
24
Franklin
77.7%
17
Monroe
76.3%
12
Johnson
66.2%
12
Polk
62.6%
15
Grant
58.3%
12
Lake
55.4%
12
Lee
48.2%
14
Greene
46.8%
12
Clark
46%
Number of States With County
County Name
% Correct
18
Union
44.6%
18
Montgomery
43.9%
16
Wayne
43.2%
18
Clay
41.7%
17
Marion
34.5%
14
Warren
33.1%
11
Fayette
33.1%
11
Calhoun
32.4%
12
Douglas
25.9%
11
Crawford
20.9%
12
Marshall
20.1%
11
Lawrence
18%
13
Carroll
15.1%
11
Scott
15.1%
11
Morgan
14.4%
Quiz Playlist
Details
Report
Send in Message
Add To Playlist
More Info:
"County" includes county equivalents!
Classic:
Type in answers that appear in a list
Quiz Source
Last Updated: Aug 15, 2017
Quiz Scoreboard
CHALLENGE
Sign Up to Join the Scoreboard
Show All
Scores
Hide
Comments
May contain spoilers
Recently Published
Holiday 10x10 Sorting Gallery
by lukepisani3
Holiday
15m
Two Season TV Shows II
by 123Four
Television
10m
Image Sorting: Flags VI
by Barbecue
Geography
2m
More to Explore
Quiz From the Vault
Featured Blog Post
14 Easter Pick-up Lines to Find Eggs With
hide this ad
You Might Also Like...
Tags
US Counties
Today's Top Quizzes in Geography
Browse Geography
hide this ad
Today's Top Quizzes in US Counties
Browse US Counties
Top Contributed Quizzes in Geography
1
Colored Red Europe Blitz I
2
Countries of the World - No Outlines Minefield
3
Colored Red Africa Blitz II
4
Colored Red Europe Blitz II
5
Colored Red Europe Blitz III
6
Colored Red Africa Blitz III
7
Colored Red States Blitz I
8
A Different View: World Oceans
9
Colored Red States Blitz II
10
Colored Red States Blitz III
Explore More
Trending Topics
Crossword
Disney
Kpop
NBA
Anime
Marvel
Harry Potter
Soccer
NFL
WWE
Song
Puzzle
Pokémon
The Office
Country
hide this ad
More By:
pelotek
Quiz
Plays
Rating
Category
Featured
Created
Ohio County Seats (Clickable Map)
3,024
5.00
Geography
Jan 25, 2016
Communities of Hudson County, NJ (Clickable Map)
2,042
4.83
Geography
Jan 27, 2016
Counties of Iowa (Clickable Map)
1,630
5.00
Geography
Jan 19, 2016
Communities of Cuyahoga County, Ohio (Clickable Map)
931
4.67
Geography
Jan 8, 2016
Communities of Dane County, Wisconsin (Clickable Map)
615
5.00
Geography
Jan 20, 2016
Go to Creator's Profile
Score Distribution
Quiz Creator Spotlight
pelotek
Follow
Send a Message
Quizzes Created
-
Created Quiz Play Count
-
More By This Creator
Popular Quizzes Today
1
Find the US States - No Outlines Minefield
2
Colored Red Africa Blitz
3
Find the 'City' Movie
4
The Countries of the World
5
Find the US States
6
5x2 Blitz: Bands
7
Find the Countries of Europe - No Outlines Minefield
8
US States
More Geography Quizzes
Australia Population Crawl
Quiz Lab
Trending Quizzes
Colored Red Europe Blitz I
Colored Red Europe Blitz II
Colored Red Africa Blitz II
Colored Red Europe Blitz III
Colored Red Africa Blitz III
Recently Updated
Odd Team Out - Big 4 Players
pecheneg
Quick Pick: 20 Twenties
pecheneg
March Madness Men's Triple Doubles
pecheneg
How Do You Spell That?
pecheneg
Godzilla Movies
pecheneg
Grab Bag: 4-10 Letters
pecheneg
2024 March Madness Bracket
pecheneg
Famous TV Couples
Peacemaker
Champions League XIs: Real Madrid
pecheneg
Largest US Cities 1790-2010
pecheneg
Trending Topics
Anime
Marvel
Disney
NBA
Kpop
Crossword
Harry Potter
Country
NFL
Puzzle
Song
WWE
Soccer
Pokémon
The Office
Your Account Isn't Verified!
In order to create a playlist on Sporcle, you need to verify the email address you used during registration. Go to your
Sporcle Settings
to finish the process.
Report this User
Report this user for behavior that violates our
Community Guidelines
.
Details:
Send Report
Go to the Sporcle.com Mobile Site →
Comments